000
00382nam a2200145Ia 4500
008
100122s9999 xx 000 0 und d
082
_b
10713
_a
821
100
_a
बोरसे दा गो
245
_a
शैलजा
260
_b
गिरीजा प्रकाशन
_c
1955
300
_a
92
630
_a
शैलजा
730
_a
शैलजा
942
_c
BOOK
999
_c
402306
_d
402303